Praga /

Hlavní autor: Svoboda, Alois, 1922-2012
Další autoři: Tučková, Anna, 1923-2012
Jazyk: Neurčený, nezjistitelný
Vydáno: Praha : Čedok, 1959
Fyzický popis: 1 nestránkovaný sv.
Knihy
Uloženo v:
LEADER 00602nam a2200181 a 4500
001 000624813
003 CZ BrMZK
005 20040604101040.0
008 020924s1959 xr f und d
040 |a BOA001  |b cze  |c BOA001 
100 1 |a Svoboda, Alois,  |d 1922-2012  |7 jk01121917  |4 aut 
245 1 0 |a Praga /  |c Alois Svoboda, Anna Tučková 
260 |a Praha :  |b Čedok,  |c 1959 
300 |a 1 nestránkovaný sv. 
700 1 |a Tučková, Anna,  |d 1923-2012  |7 jk01140333  |4 aut 
910 |a BOA001  |b X-0421.428 
990 |a BK 
996 6 |b 2618967618  |c X-0421.428  |l MZK  |r Sklad / do 24 hodin  |n 0  |w 000624813  |u 000010  |a 1  |e BOA001  |j MZK50  |s P